00586 2200217 4500001002100000005001500021035002000036007000300056008004100059020001800100082000800118084001400126100001900140245006600159250001500225260003700240300003300277600003700310990001000347990001100357INLIS00000000000732220210316105359 a0010-0321000692ta210316 g 0 ind  a9789790104242 a020 a020 PAW i0 aPawit M. Yusup1 aIlmu Informasi, Komunikasi, dan Kepustakaan /cPawit M. Yusup aEd.1 Cet 1 aJakarta :bPT Bumi Aksara,c2009 axviii, 492 hlm :b. ;c23 cm 4aPerpustakaan dan Ilmu Komunikasi a12808 a12.808